banner-ar

الدبلوماسية المصرية و السفارات الاجنبية من عهد امنحتب الثالث حتى رعمسيس الثانى : (Record no. 60309)

MARC details
000 -الفاتح
حقل البيانات ثابتة الطول 01214nam a22002417a 4500
005 - وقت وتاريخ اخر تعامل مع التسجيلة
رقم الضبط 20240530110403.0
008 - عناصر البيانات ثابتة الطول - معلومات عامة
حقل البيانات ثابتة الطول 150127s2010 ua bdf f b 000 0 ara d
040 ## - مصدر الفهرسة
وكالة الفهرسة الأصلية EG-CaGPL
041 0# - رمز اللغة
رمز لغة النص/ المسارات الصوتية أو العنوان الانفرادي ara
082 04 - رقم تصنيف ديوى العشرى
رقم الطبعة 21
رقم التصنيف 932.014
رقم المادة ق/ م د
100 0# - المدخل الرئيسى - إسم شخصى
الإسم الشخصى منال السيد فوزى ابو مصطفى
245 12 - بيان العنوان
العنوان الدبلوماسية المصرية و السفارات الاجنبية من عهد امنحتب الثالث حتى رعمسيس الثانى :
بقية العنوان حوالى 1390 - 1213 ق . م /
بيان المسئوليه,etc منال السيد فوزى ابو مصطفى
260 ## - PUBLICATION, DISTRIBUTION, ETC. (IMPRINT)
تاريخ النشر أو التوزيع 2010
300 ## - الوصف المادى
التعداد 372 ص :
تفاصيل ماديه اخرى للوعاء ايض ؛
أبعاد الوعاء 24 سم
504 ## - تبصرة ببليوجرافية
تبصرة ببليوجرافية,الخ يشتمل على ببليوجرافية : ص 359 - 372
650 04 - المدخل الاضافى بالموضوع-مصطلح موضوعى
مصطلح موضوعي مصر القديمة
التقسيم الفرعي العام تاريخ
650 04 - المدخل الاضافى بالموضوع-مصطلح موضوعى
مصطلح موضوعي مصر القديمة
التقسيم الفرعي العام الاحوال السياسية
-- الدولة الحديثة
650 04 - المدخل الاضافى بالموضوع-مصطلح موضوعى
مصطلح موضوعي مصر القديمة
التقسيم الفرعي العام تاريخ
التقسيم الفرعي الزمني عصر امنحتب الثالث
650 04 - المدخل الاضافى بالموضوع-مصطلح موضوعى
مصطلح موضوعي مصر القديمة
التقسيم الفرعي العام تاريخ
التقسيم الفرعي الزمني عصر الاسرة التاسعة عشر
650 04 - المدخل الاضافى بالموضوع-مصطلح موضوعى
مصطلح موضوعي مصر القديمة
التقسيم الفرعي العام العلاقات الخارجية
942 ## - عناصر المدخل الإضافي( كوها)
مصدر التصنيف او مخطط الترفيف Dewey Decimal Classification
Koha [default] item type كتاب
260 ## - PUBLICATION, DISTRIBUTION, ETC. (IMPRINT)
-- الاسكندرية :
-- دار المعرفة الجامعية ،
Holdings
حالة التراجع حالة الفقد حالة تلف ليس للاعارة المكان المؤقت الموقع الحالى تاريخ الاكتساب اجمالي اﻻعارات رقم الطلب الباركود تاريخ اخر مشاهدة تاريخ تفعيل السعر نوع وعاء كوها
        مكتبة القاهرة الكبرى مكتبة القاهرة الكبرى 01/27/2015   932.014 ق/ م د 159330 01/27/2015 01/27/2015 كتاب

Powered By

EGPV